On inequality patterns across the EU: evidence from spatial autocorrelation tests

Ekonometria v priestorovej korelácii. Spôsoby merania nerovnosti a výpočet matice priestorovej váhy. Moran I test v NUTS-2 regiónoch Slovenska.

Na minha lista:
Detalhes bibliográficos
Autor principal: Puškárová, Paula, 1985-
Formato: Capítulo de Livro
Idioma:inglês
Assuntos:
Tags: Adicionar Tag
Sem tags, seja o primeiro a adicionar uma tag!

MARC

LEADER 00000naa$a2200000$$$4500
001 0210175
005 20240502073510.8
041 0 |a eng 
044 |a SK 
245 1 0 |a On inequality patterns across the EU: evidence from spatial autocorrelation tests  |c Paula Puškárová 
520 |a Ekonometria v priestorovej korelácii. Spôsoby merania nerovnosti a výpočet matice priestorovej váhy. Moran I test v NUTS-2 regiónoch Slovenska. 
610 2 0 |a korelácia 
610 2 0 |a nerovnosť 
610 2 0 |a nerovnováha hospodárska 
610 2 0 |a ekonomika priestorová 
610 2 0 |a príjmy 
610 2 0 |a regióny administratívne 
100 1 |a Puškárová, Paula, 1985-